00486nam a2200133Ia 4500008004100000100002500041245006900066245006900135260005300204260000900257300001000266650001500276856006100291170221s9999 xx 000 0 und d aNor Aziza Abdul Aziz aIssues and Problems in Ethical Practices amongst Takaful Agents  cNor Aziza Abdul Aziz, Abdullah Haji Abdul Ghani, Hasnizam Shaari bInternational Review of Management and Marketing c2012 a2 : 1 xMarketing. uhttp://www.econjournals.com/index.php/irmm/issue/view/77